00688 2200241 4500001002100000005001700021008004100038020001800079035002400097082001100121090002100132100002300153245008100176250001200257260003100269300001800300500004700318650002300365700002200388850001500410985000600425999001500431YOGYA-0209000002835320090227024226.0 ind  a979-413-217-9 0010-020900000028353 a650.13 a650.13bMcG ElT aMcGAW, Martha Mary a60 cara pengembangan diricMartha Mary McGaw; diterjemahkan A. Hasto Pranowo aCet. 13 aYogyakartabKanisiusc1999 a68 hlmc18 cm aJudul asli : 60 ways to let yourselft fraw aKepribadian Sosial aPranowo, A. Hasto aYOPDYOG(B) a1 a00P0003292